[Event "DSJ Weihnachtsturnier U16: Steinitz 2020"]
[Site ""]
[Date "2020.12.28"]
[Round "7"]
[White "Bangsa, Pandu"]
[Black "Kirchner, Bao Long Marc"]
[Result "1-0"]
[Termination "normal"]
[Board "11.2"]
[WhiteElo "1457"]
[BlackElo "1312"]
[WhiteTeam "SK Kelheim 1920"]
[BlackTeam "TuS Makkabi Rostock 2"]
[PlyCount "127"]
[WhiteFideId "16297873"]
[EventRounds "7"]
[EventType "team-swiss"]
[EventDate "2020.12.28"]

1. e4 {[%emt 0:00:04]} c5 {[%emt 0:00:02]} 2. Nf3 {[%emt 0:00:09]} e6 {[%emt
0:00:02]} 3. d4 {[%emt 0:00:02]} cxd4 {[%emt 0:00:02]} 4. Nxd4 {[%emt 0:00:00]}
Nc6 {[%emt 0:00:01]} 5. Nc3 {[%emt 0:00:02]} Qc7 {[%emt 0:00:03]} 6. Be3 {
[%emt 0:00:21]} a6 {[%emt 0:00:04]} 7. Bd3 {[%emt 0:00:14]} d6 {[%emt 0:00:03]}
8. O-O {[%emt 0:00:03]} Nf6 {[%emt 0:00:02]} 9. f3 {[%emt 0:00:12]} d5 { [%emt
0:00:05]} 10. exd5 {[%emt 0:00:33]} Nxd5 {[%emt 0:00:05]} 11. Nxd5 { [%emt
0:00:05]} exd5 {[%emt 0:00:00]} 12. Qe2 {[%emt 0:00:01]} Be7 {[%emt 0:00:02]}
13. Rae1 {[%emt 0:00:11]} O-O {[%emt 0:00:02]} 14. Nxc6 {[%emt 0:00:07]} bxc6
{[%emt 0:00:07]} 15. Bd4 {[%emt 0:00:08]} Re8 {[%emt 0:00:04]} 16. c3 { [%emt
0:00:37]} c5 {[%emt 0:00:08]} 17. Be5 {[%emt 0:00:03]} Qa7 {[%emt 0:00:13]} 18.
Kh1 {[%emt 0:00:05]} Bh4 {[%emt 0:00:05]} 19. g3 {[%emt 0:00:05]} Bf6 {[%emt
0:00:04]} 20. f4 {[%emt 0:00:09]} c4 {[%emt 0:00:04]} 21. Bb1 {[%emt 0:00:19]}
Bb7 {[%emt 0:00:07]} 22. Rf2 {[%emt 0:00:22]} d4+ {[%emt 0:00:06]} 23. Kg1
{[%emt 0:00:04]} d3 {[%emt 0:00:03]} 24. Qe3 {[%emt 0:00:06]} Qxe3 { [%emt
0:00:06]} 25. Rxe3 {[%emt 0:00:00]} Bd5 {[%emt 0:00:05]} 26. b3 {[%emt
0:00:06]} Bxe5 {[%emt 0:00:11]} 27. fxe5 {[%emt 0:00:04]} Rab8 {[%emt 0:00:09]}
28. Rf1 {[%emt 0:00:09]} f6 {[%emt 0:00:08]} 29. bxc4 {[%emt 0:00:05]} Bxc4 {
[%emt 0:00:03]} 30. Bxd3 {[%emt 0:00:02]} Bxd3 {[%emt 0:00:01]} 31. Rxd3 {
[%emt 0:00:00]} fxe5 {[%emt 0:00:01]} 32. Rdf3 {[%emt 0:00:03]} e4 {[%emt
0:00:05]} 33. Re3 {[%emt 0:00:01]} Rb2 {[%emt 0:00:02]} 34. Rf4 {[%emt
0:00:03]} Rb1+ {[%emt 0:00:05]} 35. Kf2 {[%emt 0:00:02]} Rb2+ {[%emt 0:00:10]}
36. Re2 { [%emt 0:00:01]} e3+ {[%emt 0:00:10]} 37. Kf3 {[%emt 0:00:04]} Rxe2
{[%emt 0:00:49]} 38. Kxe2 {[%emt 0:00:00]} Rc8 {[%emt 0:00:02]} 39. Kd3 {[%emt
0:00:03]} e2 {[%emt 0:00:02]} 40. Re4 {[%emt 0:00:02]} Rd8+ {[%emt 0:00:20]}
41. Kc2 { [%emt 0:00:01]} Kf7 {[%emt 0:00:11]} 42. Rxe2 {[%emt 0:00:02]} g5
{[%emt 0:00:04]} 43. Rd2 {[%emt 0:00:03]} Rb8 {[%emt 0:00:04]} 44. Rd7+ {[%emt
0:00:04]} Kg6 {[%emt 0:00:01]} 45. Ra7 {[%emt 0:00:01]} Rb6 {[%emt 0:00:02]}
46. c4 { [%emt 0:00:01]} Rc6 {[%emt 0:00:02]} 47. Kb3 {[%emt 0:00:02]} Kf5
{[%emt 0:00:04]} 48. Rxh7 {[%emt 0:00:03]} Ke4 {[%emt 0:00:04]} 49. Rf7 {[%emt
0:00:11]} Kd4 {[%emt 0:00:05]} 50. Rd7+ {[%emt 0:00:10]} Kc5 {[%emt 0:00:14]}
51. Rg7 { [%emt 0:00:05]} Rb6+ {[%emt 0:00:02]} 52. Kc3 {[%emt 0:00:03]} Rb4
{[%emt 0:00:06]} 53. Rxg5+ {[%emt 0:00:02]} Kb6 {[%emt 0:00:15]} 54. Rg6+
{[%emt 0:00:03]} Ka5 {[%emt 0:00:03]} 55. Rg5+ {[%emt 0:00:02]} Ka4 {[%emt
0:00:02]} 56. h4 { [%emt 0:00:06]} Ka3 {[%emt 0:00:08]} 57. Ra5+ {[%emt
0:00:04]} Ra4 {[%emt 0:00:03]} 58. Rxa4+ {[%emt 0:00:02]} Kxa4 {[%emt 0:00:00]}
59. h5 {[%emt 0:00:10]} Ka3 {[%emt 0:00:01]} 60. h6 {[%emt 0:00:00]} Kxa2
{[%emt 0:00:01]} 61. h7 { [%emt 0:00:00]} Ka1 {[%emt 0:00:00]} 62. h8=Q {[%emt
0:00:02]} a5 {[%emt 0:00:01]} 63. Kb3+ {[%emt 0:00:01]} Kb1 {[%emt 0:00:04]}
64. Qh1# {[%emt 0:00:04]} 1-0

[Event "DSJ Weihnachtsturnier U16: Steinitz 2020"]
[Site ""]
[Date "2020.12.28"]
[Round "7"]
[White "Köpnick, Amanda"]
[Black "Eisenschink, Fabian"]
[Result "0-1"]
[Termination "normal"]
[Board "11.3"]
[WhiteElo "1123"]
[BlackElo "795"]
[WhiteTeam "TuS Makkabi Rostock 2"]
[BlackTeam "SK Kelheim 1920"]
[PlyCount "130"]
[WhiteFideId "34618538"]
[EventRounds "7"]
[EventType "team-swiss"]
[EventDate "2020.12.28"]

1. e4 {[%emt 0:00:04]} e5 {[%emt 0:00:06]} 2. Nf3 {[%emt 0:00:02]} Nc6 { [%emt
0:00:02]} 3. Bc4 {[%emt 0:00:02]} Nf6 {[%emt 0:00:09]} 4. d3 {[%emt 0:00:02]}
Bc5 {[%emt 0:00:08]} 5. O-O {[%emt 0:00:02]} d6 {[%emt 0:00:03]} 6. Bg5 { [%emt
0:00:02]} Bg4 {[%emt 0:00:03]} 7. c3 {[%emt 0:00:05]} O-O {[%emt 0:00:14] } 8.
a3 {[%emt 0:00:02]} Qe7 {[%emt 0:00:10]} 9. b4 {[%emt 0:00:06]} Bb6 { [%emt
0:00:04]} 10. a4 {[%emt 0:00:03]} a5 {[%emt 0:00:02]} 11. b5 {[%emt 0:00:09]}
Nd8 {[%emt 0:00:09]} 12. Bd5 {[%emt 0:00:14]} Rb8 {[%emt 0:00:07]} 13. Nbd2
{[%emt 0:00:08]} Ne6 {[%emt 0:00:02]} 14. Bxe6 {[%emt 0:00:07]} Qxe6 { [%emt
0:00:02]} 15. d4 {[%emt 0:00:06]} exd4 {[%emt 0:00:19]} 16. cxd4 { [%emt
0:00:11]} Nxe4 {[%emt 0:00:05]} 17. Nxe4 {[%emt 0:00:07]} Qxe4 {[%emt 0:00:04]}
18. Ra3 {[%emt 0:00:10]} Bxf3 {[%emt 0:00:19]} 19. Rxf3 {[%emt 0:00:07] } Qg4
{[%emt 0:00:06]} 20. Rg3 {[%emt 0:00:11]} Qxd4 {[%emt 0:00:06]} 21. Bh6 { [%emt
0:00:18]} Qxd1 {[%emt 0:00:15]} 22. Rxg7+ {[%emt 0:00:16]} Kh8 {[%emt 0:00:19]}
23. Rxd1 {[%emt 0:00:02] Kelheim3-003 reconnected. Kelheim3-003 kibitzing!?}
Rg8 {[%emt 0:00:17]} 24. Rxf7 {[%emt 0:00:12] Kelheim3-003 reconnected.} Rbe8
{[%emt 0:00:22]} 25. g3 {[%emt 0:00:12]} Rg6 {[%emt 0:00:25] } 26. Bc1 {[%emt
0:00:05]} Rge6 {[%emt 0:00:16]} 27. Bb2+ {[%emt 0:00:20]} Kg8 {[%emt 0:00:04]}
28. Rf5 {[%emt 0:00:06]} Re1+ {[%emt 0:00:15]} 29. Rxe1 { [%emt 0:00:03]} Rxe1+
{[%emt 0:00:03]} 30. Kg2 {[%emt 0:00:04]} Re2 {[%emt 0:00:07]} 31. Bc3 {[%emt
0:00:19]} Re4 {[%emt 0:00:21]} 32. Rg5+ {[%emt 0:00:07]} Kf7 {[%emt 0:00:06]}
33. Rg7+ {[%emt 0:00:06]} Kf8 {[%emt 0:00:05]} 34. Rxh7 { [%emt 0:00:02]} Bd4
{[%emt 0:00:02]} 35. Bxd4 {[%emt 0:00:05]} Rxd4 {[%emt 0:00:03]} 36. Rxc7
{[%emt 0:00:02]} Rxa4 {[%emt 0:00:06]} 37. Rxb7 {[%emt 0:00:02]} Rb4 {[%emt
0:00:02]} 38. Kf3 {[%emt 0:00:05]} a4 {[%emt 0:00:04]} 39. Ke2 {[%emt 0:00:04]}
d5 {[%emt 0:00:07]} 40. Kd3 {[%emt 0:00:02]} a3 {[%emt 0:00:11]} 41. Kc3 {[%emt
0:00:02]} Ra4 {[%emt 0:00:06]} 42. Kb3 {[%emt 0:00:03]} Ra8 {[%emt 0:00:02]}
43. Rc7 {[%emt 0:00:06]} a2 {[%emt 0:00:04]} 44. Rc8+ { [%emt 0:00:36]} Rxc8
{[%emt 0:00:03]} 45. Kxa2 {[%emt 0:00:01]} d4 {[%emt 0:00:02]} 46. Kb3 {[%emt
0:00:01]} d3 {[%emt 0:00:01]} 47. b6 {[%emt 0:00:02]} d2 { [%emt 0:00:03]} 48.
b7 {[%emt 0:00:02]} Rd8 {[%emt 0:00:05]} 49. Kb4 {[%emt 0:00:04]} d1=Q {[%emt
0:00:02]} 50. Kc5 {[%emt 0:00:02]} Qc1+ {[%emt 0:00:09]} 51. Kb6 {[%emt
0:00:03]} Qb1+ {[%emt 0:00:10]} 52. Kc7 {[%emt 0:00:02]} Re8 { [%emt 0:00:19]}
53. h4 {[%emt 0:00:03]} Qe1 {[%emt 0:00:16]} 54. h5 {[%emt 0:00:06]} Qxf2
{[%emt 0:00:02]} 55. h6 {[%emt 0:00:01]} Qxg3+ {[%emt 0:00:02]} 56. Kb6 {[%emt
0:00:13]} Qg6+ {[%emt 0:00:02]} 57. Kc7 {[%emt 0:00:05]} Qxh6 { [%emt 0:00:02]}
58. b8=Q {[%emt 0:00:02]} Rxb8 {[%emt 0:00:01]} 59. Kxb8 { [%emt 0:00:01]} Qd6+
{[%emt 0:00:03]} 60. Kb7 {[%emt 0:00:01]} Ke7 {[%emt 0:00:02]} 61. Kc8 {[%emt
0:00:04]} Qd7+ {[%emt 0:00:05]} 62. Kb8 {[%emt 0:00:03]} Kd6 {[%emt 0:00:04]}
63. Ka8 {[%emt 0:00:01]} Kc6 {[%emt 0:00:03]} 64. Kb8 { [%emt 0:00:01]} Kb6
{[%emt 0:00:03]} 65. Ka8 {[%emt 0:00:02]} Qb7# {[%emt 0:00:02]} 0-1

[Event "DSJ Weihnachtsturnier U16: Steinitz 2020"]
[Site ""]
[Date "2020.12.28"]
[Round "7"]
[White "Gavrylyuk, Oleksandr"]
[Black "Rehpenn, Tom"]
[Result "1-0"]
[Termination "normal"]
[Board "12.1"]
[WhiteElo "1030"]
[BlackElo "1419"]
[WhiteTeam "TuS Makkabi Rostock 3"]
[BlackTeam "TuS Varrel"]
[PlyCount "75"]
[WhiteFideId "34609083"]
[BlackFideId "16254708"]
[EventRounds "7"]
[EventType "team-swiss"]
[EventDate "2020.12.28"]

1. d4 {[%emt 0:00:09]} d5 {[%emt 0:00:03]} 2. Nf3 {[%emt 0:00:03]} Bf5 { [%emt
0:00:07]} 3. Bf4 {[%emt 0:00:02]} Nf6 {[%emt 0:00:02]} 4. e3 {[%emt 0:00:03]}
e6 {[%emt 0:00:03]} 5. Nbd2 {[%emt 0:00:03]} Bd6 {[%emt 0:00:07]} 6. Ne5 {
[%emt 0:00:03]} Nbd7 {[%emt 0:00:20]} 7. c3 {[%emt 0:00:09]} Bxe5 {[%emt
0:00:05]} 8. dxe5 {[%emt 0:00:03]} Ne4 {[%emt 0:00:16]} 9. Nxe4 {[%emt
0:00:03]} Bxe4 {[%emt 0:00:08]} 10. Bd3 {[%emt 0:00:05]} Bxg2 {[%emt 0:00:06]}
11. Rg1 { [%emt 0:00:08]} Be4 {[%emt 0:00:20]} 12. Rxg7 {[%emt 0:00:04]} Qe7
{[%emt 0:00:18]} 13. f3 {[%emt 0:00:08]} Bxd3 {[%emt 0:00:08]} 14. Qxd3 {[%emt
0:00:06]} O-O-O {[%emt 0:00:04]} 15. Bg5 {[%emt 0:00:06]} Qf8 {[%emt 0:00:19]}
16. Bxd8 { [%emt 0:00:14]} Qxg7 {[%emt 0:00:06]} 17. Bh4 {[%emt 0:00:11]} Qxe5
{[%emt 0:00:21]} 18. O-O-O {[%emt 0:00:21]} Qxh2 {[%emt 0:00:09]} 19. Qd4
{[%emt 0:00:10]} Rg8 {[%emt 0:00:14]} 20. Be7 {[%emt 0:00:29]} c6 {[%emt
0:01:02]} 21. Qxa7 {[%emt 0:00:26]} Rg2 {[%emt 0:00:26]} 22. Qa3 {[%emt
0:00:53]} Rc2+ {[%emt 0:00:19]} 23. Kb1 {[%emt 0:00:05]} Qe2 {[%emt 0:00:06]}
24. Rh1 {[%emt 0:00:48]} Rd2 {[%emt 0:00:13]} 25. b4 {[%emt 0:00:36]} Rd1+
{[%emt 0:00:42]} 26. Rxd1 { [%emt 0:00:04]} Qxd1+ {[%emt 0:00:13]} 27. Kb2
{[%emt 0:00:04]} Qe2+ {[%emt 0:00:13]} 28. Kb3 {[%emt 0:00:20]} Qxe3 {[%emt
0:00:11]} 29. Bd6 {[%emt 0:00:21]} Nb6 {[%emt 0:02:04]} 30. Bc5 {[%emt
0:00:20]} Qxf3 {[%emt 0:00:21]} 31. Bxb6 { [%emt 0:00:07]} Qd1+ {[%emt
0:00:02]} 32. Kb2 {[%emt 0:00:04]} Qe2+ {[%emt 0:00:10]} 33. Kc1 {[%emt
0:00:16]} Qe1+ {[%emt 0:00:24]} 34. Kb2 {[%emt 0:00:11]} Kd7 {[%emt 0:00:11]}
35. Qa8 {[%emt 0:00:16]} Qd2+ {[%emt 0:00:10]} 36. Kb3 { [%emt 0:00:26]} Kd6
{[%emt 0:00:19]} 37. Qb8+ {[%emt 0:00:24]} Kd7 {[%emt 0:00:37]} 38. Qd8# {[%emt
0:00:03]} 1-0